|
|
|
|
| LEADER |
01101nam a2200265 a 4500 |
| 008 |
100613s2009 mau 001 0 eng d |
| 010 |
|
|
|a \\2003112721
|
| 020 |
|
|
|a 0312607571
|
| 020 |
|
|
|a 9780312607579 (pbk.)
|
| 040 |
|
|
|a DLC
|c DLC
|d DLC
|d BD-DhAAL
|
| 082 |
0 |
4 |
|a 808/.042
|2 22
|
| 100 |
1 |
|
|a Gardner, Janet E.
|
| 245 |
1 |
0 |
|a Writing about literature :
|b a portable guide /
|c Janet E. Gardner.
|
| 250 |
|
|
|a 2nd ed.
|
| 260 |
|
|
|a Boston :
|b Bedford/St. Martin's,
|c c2009.
|
| 300 |
|
|
|a xii, 154 p. ;
|c 21 cm.
|
| 504 |
|
|
|a Includes index.
|
| 541 |
1 |
|
|e 00020386
|
| 650 |
|
0 |
|a English language
|x Rhetoric
|v Handbooks, manuals, etc.
|
| 650 |
|
0 |
|a Literature
|x History and criticism
|x Theory, etc.
|
| 650 |
|
0 |
|a Criticism
|x Authorship
|v Handbooks, manuals, etc.
|
| 650 |
|
0 |
|a Academic writing
|v Handbooks, manuals, etc.
|
| 852 |
4 |
|
|a Ayesha Abed Library
|j General Shelf
|
| 999 |
|
|
|c 8904
|d 8904
|
| 952 |
|
|
|0 0
|1 0
|2 ddc
|4 0
|6 808_042000000000000_GAR_2009
|7 0
|9 10897
|a BRACUL
|b BRACUL
|c GEN
|d 2010-06-13
|l 3
|m 3
|o 808.042 GAR
|p 3010020386
|r 2025-10-28
|s 2025-10-07
|t 1
|w 2010-06-13
|y BK
|x Transferred from ENH to Ayesha Abed library on 20/12/2023
|